| 000 | 00590nam a2200193 a 4500 | ||
|---|---|---|---|
| 005 | 20210223123522.0 | ||
| 008 | 991125s1988 mx 000 0 spa u | ||
| 020 | _a9684519907 | ||
| 035 | _aUPN01000055143 | ||
| 049 | _aCG | ||
| 050 | 4 |
_aHF5548.4 S9 _bB3.88 |
|
| 100 | 1 | _aBaras, Edward M. | |
| 245 | 1 | 0 |
_aSymphony : _bguía del usuario / _cEdward M. Baras ; tr. Luis Joyanes Aguilar. |
| 260 |
_aMéxico : _bMcGraw-Hill, _c1988. |
||
| 300 | _a312 p. | ||
| 650 | 4 |
_aPROCESAMIENTO ELECTRONICO DE DATOS _96577 |
|
| 650 | 4 |
_aLOTUS SYMPHONY (PROGRAMA PARA COMPUTADORA) _910726 |
|
| 905 | _aLibro | ||
| 999 |
_c55143 _d55143 |
||